000 00969cam a2200349 4500
001 ABS66034
008 021029n2002 000 0 eng u
035 _a(Sirsi) u120305
245 _aFocus 2002: North West Supplement
260 _c2002
490 _aEstates Gazette
_vOctober 2002, (55) (LOAN)
590 _aABS
650 _aBUSINESS PARKS
650 _aMANCHESTER
650 _aPROPERTY-COMMERCIAL PROPERTY-OFFICE PROPERTY-OFFICE PROPERTY MARKET
650 _aMERSEYSIDE
650 _aLANCASHIRE
650 _aSTAFFORDSHIRE
650 _aCUMBRIA
650 _aCHESHIRE
650 _aASK
650 _aDISTRIBUTION MARKET
650 _aINDUSTRIAL MARKET
650 _aM60
650 _aLIVERPOOL
650 _aNORTH WEST REGIONAL DEVELOPMENT AGENCY
650 _aOFFICE DEVELOPMENT
650 _aLAND VALUES
650 _aINDUSTRIAL DEVELOPMENT
690 _aPROPERTY-COMMERCIAL PROPERTY-COMMERCIAL PROPERTY MARKET
942 _n0
999 _c71477
_d71477